<?xml version="1.0" encoding="UTF-8"?>
<record
    xmlns:xsi="http://www.w3.org/2001/XMLSchema-instance"
    xsi:schemaLocation="http://www.loc.gov/MARC21/slim http://www.loc.gov/standards/marcxml/schema/MARC21slim.xsd"
    xmlns="http://www.loc.gov/MARC21/slim">

  <leader>00824nam a22002537a 4500</leader>
  <controlfield tag="005">20170123162342.0</controlfield>
  <datafield tag="010" ind1=" " ind2=" ">
    <subfield code="a">A-391702</subfield>
  </datafield>
  <datafield tag="020" ind1=" " ind2=" ">
    <subfield code="c">100.00</subfield>
  </datafield>
  <datafield tag="035" ind1=" " ind2=" ">
    <subfield code="a">A-391702</subfield>
  </datafield>
  <datafield tag="037" ind1=" " ind2=" ">
    <subfield code="b">Cen Lib/Ret</subfield>
  </datafield>
  <datafield tag="040" ind1=" " ind2=" ">
    <subfield code="a">DPL</subfield>
    <subfield code="b">UR</subfield>
  </datafield>
  <datafield tag="082" ind1=" " ind2=" ">
    <subfield code="a">841.08</subfield>
    <subfield code="b">&#x686; &#x634; &#x62A; </subfield>
  </datafield>
  <datafield tag="100" ind1=" " ind2=" ">
    <subfield code="a">&#x686;&#x634;&#x62A;&#x6CC;&#x60C; &#x639;&#x646;&#x648;&#x627;&#x646; </subfield>
    <subfield code="9">127959</subfield>
  </datafield>
  <datafield tag="245" ind1=" " ind2=" ">
    <subfield code="a">&#x62D;&#x631;&#x641; &#x628;&#x631;&#x6C1;&#x646;&#x6C1; /</subfield>
    <subfield code="c">&#x639;&#x646;&#x648;&#x627;&#x646; &#x686;&#x634;&#x62A;&#x6CC; </subfield>
  </datafield>
  <datafield tag="246" ind1=" " ind2=" ">
    <subfield code="a">Harf-e-Barhina /</subfield>
    <subfield code="b">by Unwan Chishti </subfield>
  </datafield>
  <datafield tag="260" ind1=" " ind2=" ">
    <subfield code="a">&#x6CC;&#x648;&#x67E;&#x6CC; </subfield>
    <subfield code="b">&#x631;&#x646;&#x6AF; &#x645;&#x62D;&#x644; &#x67E;&#x648;&#x628;&#x644;&#x634;&#x6CC;&#x631;&#x633; </subfield>
    <subfield code="c">1989</subfield>
  </datafield>
  <datafield tag="270" ind1=" " ind2=" ">
    <subfield code="b">&#x6CC;&#x648;&#x67E;&#x6CC; </subfield>
    <subfield code="a">&#x627;&#x646;&#x635;&#x627;&#x631;&#x6CC; &#x631;&#x648;&#x688; &#x645;&#x632;&#x641;&#x641;&#x631; &#x646;&#x6AF;&#x631; </subfield>
  </datafield>
  <datafield tag="300" ind1=" " ind2=" ">
    <subfield code="a">184p.</subfield>
    <subfield code="c">21cm(Hb)</subfield>
  </datafield>
  <datafield tag="650" ind1=" " ind2=" ">
    <subfield code="a">&#x627;&#x62F;&#x628; -- &#x627;&#x631;&#x62F;&#x648;  </subfield>
    <subfield code="9">127960</subfield>
  </datafield>
  <datafield tag="650" ind1=" " ind2=" ">
    <subfield code="a"> &#x627;&#x631;&#x62F;&#x648; &#x634;&#x627;&#x639;&#x631;&#x6CC; &#x67E;&#x631; &#x62A;&#x646;&#x642;&#x6CC;&#x62F;</subfield>
    <subfield code="9">107863</subfield>
  </datafield>
  <datafield tag="650" ind1=" " ind2=" ">
    <subfield code="a">Literature -- Urdu</subfield>
    <subfield code="9">127961</subfield>
  </datafield>
  <datafield tag="650" ind1=" " ind2=" ">
    <subfield code="a">Urdu poetry criticism</subfield>
    <subfield code="9">107865</subfield>
  </datafield>
  <datafield tag="942" ind1=" " ind2=" ">
    <subfield code="2">ddc</subfield>
    <subfield code="c">UR</subfield>
    <subfield code="h">841.08</subfield>
    <subfield code="m">&#x686; &#x634; &#x62A; </subfield>
  </datafield>
  <datafield tag="999" ind1=" " ind2=" ">
    <subfield code="c">108632</subfield>
    <subfield code="d">108632</subfield>
  </datafield>
  <datafield tag="952" ind1=" " ind2=" ">
    <subfield code="0">0</subfield>
    <subfield code="1">0</subfield>
    <subfield code="4">0</subfield>
    <subfield code="7">0</subfield>
    <subfield code="a">L</subfield>
    <subfield code="b">L</subfield>
    <subfield code="d">2016-01-25</subfield>
    <subfield code="e">Cen Lib/Ret</subfield>
    <subfield code="g">100.00</subfield>
    <subfield code="l">0</subfield>
    <subfield code="o">841.08 &#x686; &#x634; &#x62A;</subfield>
    <subfield code="p">A-391702</subfield>
    <subfield code="r">2016-01-25 00:00:00</subfield>
    <subfield code="t">1</subfield>
    <subfield code="v">100.00</subfield>
    <subfield code="w">2016-01-25</subfield>
    <subfield code="y">UR</subfield>
  </datafield>
</record>
